000 00870nam a2200253 a 4500
001 000008310
005 20200929161327.0
008 930407s1997 ve 000 0
020 _a9800105018
040 _aDO-SdBNP
_bspa
_cBNPHU
082 _aV863.44
_bV458,1997
245 0 0 _aVenezuelan short stories =
_bCuentos venezolanos /
_cJose Rafael Pocaterra ... [et al.] ; prologo, Lyda Aponte de Zacklin ; traduccion, Seymour Menton ... [et al.].
246 1 3 _aCuentos venezolanos
250 _a2a ed.
260 _aCaracas, Venezuela :
_bMonte Avila Editores,
_c1997.
300 _a274 p. ;
_c20 cm.
490 1 _aContinentes
650 4 _aCuentos venezolanos
_ySIGLO XX
_922464
650 4 _aLiteratura venezolana
_93816
700 1 _aPocaterra, Jose Rafael,
_d1890-1955.
_922465
740 0 _aCuentos venezolanos.
830 0 _aContinentes
_95341
049 _aBNGR
999 _c8081
_d8081